Statistics for Lasha Tumbai Lyrics

Click here to take the quiz!

General Stats

  • This quiz has been taken 7 times
  • The average score is 29 of 38

Answer Stats

HintAnswer% Correct
______ zwei, dreiEin
100%
______ zwei, dreiEin
100%
______ zwei, dreiEin
100%
______ zwei, dreiEin
100%
I want to see: _____ tumbailasha
100%
I want to ___: aha...see
100%
Sieben, ______ ai lyu lyuSieben
100%
Sieben, ______ ai lyu lyuSieben
100%
Sieben, ______ ein, zweiSieben
100%
Sieben, ______ ai lyu lyuSieben
100%
Sieben, ______ ai lyu lyuSieben
100%
Sieben, ______ ai lyu lyuSieben
100%
Sieben, ______ ein, zweiSieben
100%
Sieben, ______ ai lyu lyuSieben
100%
Sieben, ______ ai lyu lyuSieben
100%
Sieben, ______ ein, zweiSieben
100%
Sieben, ______ ai lyu lyuSieben
100%
Sieben, ______ ein, zweiSieben
100%
I want to see: Lasha _____tumbai
100%
I want to see: Lasha _____tumbai
100%
Me ________ nicht verstehenEnglish
83%
Hello _______Everybody
83%
I ____ to see: aha...want
83%
I ____ to see: Lasha tumbaiwant
83%
Let's speak ______!DANCE
67%
I want to see: ___...aha
50%
__ liebe!Ich
50%
T_____!Tanzen
50%
T_____!Tanzen
50%
T______!Tanzen
50%
T_______!Tanzen
50%
T_____!Tanzen
50%
My name is _______Verka Serduchka
50%
Okay, happy ___end
33%
Gde ruki, ___, ____ruki
33%
Weiter ______Weiter
33%
Tantsevat _______horosho
17%
I want to see: I ____ ___love you
17%

Score Distribution

Percentile by Number Answered

Percent of People with Each Score

Your Score History

You have not taken this quiz